Wiadomości z 2025 r. – Podaj nazwę państwa - Statystyki

Ogólne statystyki
  • Ten quiz został rozwiązany 122 razy
  • Średni wynik to 8 z 16
Statystyki odpowiedzi
Wskazówka Państwa % Poprawnych
Po zakazaniu działalności większości opozycji Aleksander Łukaszenka zostaje ponownie wybrany na prezydenta ______, zostaje na stanowisku, które piastuje od 1994 roku Białoruś
99%
Nowy papież, Leon XIV, jest pierwszym papieżem urodzonym w ______ ______ Stany Zjednoczone
95%
Stany Zjednoczone bombardują obiekty nuklearne ____ Iran
83%
W _____ otwarto najwyższy most świata, przecinający kanion o głębokości 625 metrów Chiny
73%
Klejnoty koronne zostają skradzione podczas zuchwałego napadu we ______ Francja
72%
_______ używa dronów do ataków na infrastrukturę naftową na Morzu Czarnym i Kaspijskim Ukraina
67%
Odkryto komary żyjące na _____, dawniej jedynym państwie na świecie wolnym od komarów Islandia
50%
Jair Bolsonaro, były prezydent ______, został skazany na 27 lat więzienia Brazylia
43%
Stany Zjednoczone przejmują tankowce z ropą odpływające z ________ Wenezuela
43%
Burmistrz Uruapan, który zostaje zamordowany, wywołuje protesty przeciwko rządowi w _____ z powodu niewystarczającej reakcji na przestępczość zorganizowaną Meksyk
32%
____ ogłaszają plany budowy mostu przez Cieśninę Mesyńską Włochy
31%
Rząd ____ próbuje zablokować YouTube, co prowadzi do śmiertelnych protestów „pokolenia Z” i dymisji premiera Nepal
27%
Współczynnik morderstw w _______ spada do zaledwie 1,33 – najniższego w Ameryce Salwador
25%
_____ wybiera swoją pierwszą premier, zagorzałą przeciwniczkę imigracji Japonia
17%
_________ przejmuje Wyspy Czagos od Wielkiej Brytanii Mauritius
12%
Hayli Gubbi, wulkan w ________, wybucha po tysiącach lat uśpienia Etiopia
6%
Nie znaleziono quizów pasujących do podanych kryteriów
Rozkład punktacji
Procent ludzi z każdym wynikiem
Percentyl według liczby udzielonych odpowiedzi
Twoja historia wyników
Nie rozwiązałeś tego quizu